| 000 | 00994nas a2200313 4500 | ||
|---|---|---|---|
| 001 | BR2011008112 | ||
| 003 | BR-BrBNA | ||
| 005 | 20231205115839.0 | ||
| 007 | ta | ||
| 008 | 230509b bl.|||p| |||| 00| 00por d | ||
| 040 |
_aBR-BrBNA _bpor _cBiblioteca Nacional de Agricultura |
||
| 041 | _a(Pt) | ||
| 072 | _aL70 | ||
| 100 | 1 | _aGarcia, E.F.V. | |
| 100 | 1 | _aPinheiro, M. | |
| 100 | 1 | _aSerafini, G.M.C. | |
| 100 | 1 | _aSchossler, J.E.W. | |
| 245 | 1 | _aProstatectomia total durante herniorrafia perineal em um cão | |
| 246 | 1 | _aTotal prostatectomy during perineal herniorrhaphy in a dog | |
| 650 | _aCÃO | ||
| 650 | _aHÉRNIA | ||
| 650 | _aÂNUS | ||
| 650 | _aTRATAMENTO | ||
| 650 | _aCIRURGIA | ||
| 650 | _aVETERINÁRIA | ||
| 773 | 0 |
_tMEDVEP. Revista Científica de Medicina Veterinária. Pequenos Animais e Animais de Estimação (Brazil) _xISSN 1678-1430 _g(Jan-Mar 2011), v. 9(28) p. 34-38 _wBR2011008112 |
|
| 909 |
_a202311 _bLúcia _c55 _dLúcia Elande |
||
| 942 |
_2AGRIS _n0 _cANA |
||
| 999 |
_c215996 _d215996 |
||